[Event "Grozny Kadyrov Memorial rapid"]
[Site "Grozny"]
[Date "2019.06.09"]
[Round "6"]
[White "Kozak, Alexander"]
[Black "Daurbekov, Murad"]
[Result "1/2-1/2"]
[WhiteElo "2235"]
[BlackElo "2063"]
[PlyCount "98"]
[EventDate "2019.06.09"]
[EventType "swiss (rapid)"]
[EventRounds "11"]
[EventCountry "RUS"]
[SourceTitle "CBM 190 Extra"]
[Source "ChessBase"]
[SourceDate "2019.07.15"]
[SourceVersion "1"]
[SourceVersionDate "2019.07.15"]
[SourceQuality "1"]

1. e4 c5 2. c3 Nf6 3. e5 Nd5 4. d4 cxd4 5. Nf3 d6 6. exd6 Qxd6 7. Nxd4 a6 8. Be2 e5 9. Nb3 Nc6 10. 0-0 Be7 11. Bf3 Be6 12. N1d2 Nf6 13. Qe2 0-0 14. Nc4 Bxc4 15. Qxc4 Rac8 16. Qe2 Rfe8 17. g3 Bf8 18. Rd1 Qc7 19. Bg5 e4 20. Bg2 Qe5 21. Bf4 Qf5 22. Nd4 Nxd4 23. Rxd4 Bc5 24. Rd2 Nd5 25. Bh3 Nxf4 26. Bxf5 Nxe2+ 27. Rxe2 Rc7 28. Rd1 e3 29. Kf1 g6 30. Bc2 Ree7 31. fxe3 Rxe3 32. Rxe3 Bxe3 33. a4 a5 34. Rd5 Bc5 35. g4 Kg7 36. h4 b6 37. Ke2 Be7 38. h5 h6 39. hxg6 fxg6 40. Kf3 Kf6 41. Rd4 Bc5 42. Rd5 Re7 43. Be4 Re6 44. Rd8 Rd6 45. Rb8 Ke5 46. Re8+ Kf6 47. Rb8 Ke5 48. Re8+ Kf6 49. Rb8 Ke5 1/2-1/2

[Event "RUS-ch rapid"]
[Site "Sochi"]
[Date "2018.10.05"]
[Round "1.10"]
[White "Alekseenko, Kirill"]
[Black "Daurbekov, Murad"]
[Result "1-0"]
[WhiteElo "2639"]
[BlackElo "2063"]
[PlyCount "41"]
[EventDate "2018.10.05"]
[EventType "swiss (rapid)"]
[EventRounds "11"]
[EventCountry "RUS"]
[SourceTitle "CBM 186 Extra"]
[Source "ChessBase"]
[SourceDate "2018.08.24"]
[SourceVersion "1"]
[SourceVersionDate "2018.08.24"]
[SourceQuality "1"]

1. e4 e6 2. d4 d5 3. Nd2 c5 4. Ngf3 cxd4 5. Nxd4 Nf6 6. exd5 Qxd5 7. Nb5 Na6 8. Nc3 Qd8 9. Be2 Be7 10. 0-0 0-0 11. Bf3 Nc5 12. Nc4 Bd7 13. Ne5 Be8 14. Bf4 Qc8 15. Qe2 a6 16. Nc4 Ra7 17. Rfd1 Bc6 18. Nd6 Bxd6 19. Bxd6 Bxf3 20. Qxf3 Rd8 21. Bxc5 1-0

[Event "Moscow op-A"]
[Site "Moscow"]
[Date "2016.02.02"]
[Round "4"]
[White "Komissarov, Alexey"]
[Black "Daurbekov, Murad"]
[Result "1-0"]
[WhiteElo "2292"]
[BlackElo "2061"]
[PlyCount "67"]
[EventDate "2016.01.30"]
[EventType "swiss"]
[EventRounds "9"]
[EventCountry "RUS"]
[SourceTitle "CBM 170 Extra"]
[Source "ChessBase"]
[SourceDate "2016.02.25"]
[SourceVersion "1"]
[SourceVersionDate "2016.02.25"]
[SourceQuality "1"]

1. e4 e6 2. d4 d5 3. Nc3 Bb4 4. Nge2 dxe4 5. a3 Be7 6. Nxe4 Nd7 7. N2g3 Ngf6 8. Be3 0-0 9. Bd3 b6 10. Qf3 Rb8 11. 0-0-0 Bb7 12. Qe2 Nd5 13. Bd2 Rc8 14. Kb1 c5 15. dxc5 bxc5 16. c4 N5f6 17. Bc3 Qb6 18. Nh5 Nxh5 19. Qxh5 Bxe4 20. Bxe4 g6 21. Qf3 Qc7 22. Rhe1 Rfd8 23. h4 Nf8 24. h5 Rxd1+ 25. Rxd1 Rd8 26. Rh1 Rd4 27. hxg6 hxg6 28. Bxd4 cxd4 29. Rc1 Nd7 30. Qh3 Qf4 31. Bxg6 Bg5 32. Rh1 Kf8 33. Qh8+ Ke7 34. Bxf7 1-0

[Event "Moscow op-A"]
[Site "Moscow"]
[Date "2016.01.31"]
[Round "2"]
[White "Popov, Kirill"]
[Black "Daurbekov, Murad"]
[Result "1/2-1/2"]
[WhiteElo "2305"]
[BlackElo "2061"]
[PlyCount "96"]
[EventDate "2016.01.30"]
[EventType "swiss"]
[EventRounds "9"]
[EventCountry "RUS"]
[SourceTitle "CBM 170 Extra"]
[Source "ChessBase"]
[SourceDate "2016.02.25"]
[SourceVersion "1"]
[SourceVersionDate "2016.02.25"]
[SourceQuality "1"]

1. e4 e6 2. d4 d5 3. Nc3 Bb4 4. exd5 exd5 5. Bd3 c6 6. Nge2 Ne7 7. a3 Bd6 8. Bf4 Bf5 9. Bxf5 Nxf5 10. Qd3 Ne7 11. Qg3 Bxf4 12. Nxf4 0-0 13. 0-0 Nd7 14. Rae1 Nf6 15. Re5 Qd7 16. Nd3 Nf5 17. Qf4 Nd6 18. Re3 Nc4 19. Rf3 Qg4 20. Qxg4 Nxg4 21. Rg3 Nh6 22. a4 Nf5 23. Rg4 Rfe8 24. Rb1 h5 25. Rf4 g6 26. g4 hxg4 27. Rxg4 Nd2 28. Rd1 Nf3+ 29. Kh1 N5h4 30. Ne5 Nxe5 31. Rxh4 Nd7 32. Kg2 Kg7 33. a5 a6 34. b4 Rh8 35. Rxh8 Rxh8 36. Re1 Kf8 37. f3 Rh4 38. Rd1 Ke7 39. Na4 Kd8 40. Nc5 Nxc5 41. bxc5 g5 42. c3 f5 43. Rb1 Rh7 44. Kg3 Re7 45. Kf2 Kc7 46. Rg1 Rg7 47. f4 g4 48. Rh1 Kd7 1/2-1/2